[Event "IECC M email"]
[Site "IECC email"]
[Date "1998.09.12"]
[Round "?"]
[White "Swan, Timothy"]
[Black "Axenhus, Ilpo"]
[Result "1/2-1/2"]
[WhiteElo "1372"]
[BlackElo "1233"]
[PlyCount "75"]
[EventDate "1998.??.??"]
[EventType "tourn (corr)"]
[EventRounds "12"]
[SourceTitle "Corr 2008"]
[Source "ChessBase"]
[SourceDate "2008.06.24"]
[SourceVersion "1"]
[SourceVersionDate "2008.06.24"]
[SourceQuality "1"]

1. e4 e5 2. Nf3 d6 3. Bc4 Bg4 4. h3 Bh5 5. Nc3 Nf6 6. g4 Bg6 7. d3 Be7 8. Be3 Nc6 9. a3 a6 10. Qe2 b5 11. Ba2 Qd7 12. g5 Nh5 13. 0-0-0 Nd4 14. Bxd4 exd4 15. Nd5 Rb8 16. Qd2 c6 17. Nxe7 Kxe7 18. Nxd4 c5 19. Ne2 Rhe8 20. f4 f5 21. Qe3 fxe4 22. dxe4 Kf8 23. e5 Qf5 24. Qd2 Rbd8 25. exd6 Qxc2+ 26. Qxc2 Bxc2 27. Rd2 Bf5 28. Rh2 g6 29. Bb1 Ng7 30. Rh1 Be4 31. Bxe4 Rxe4 32. d7 Nf5 33. Rhd1 Ne3 34. Re1 Ng2 35. Rf1 Ne3 36. Re1 Ng2 37. Rg1 Ne3 38. Rd6 1/2-1/2

[Event "IECC M email"]
[Site "IECC email"]
[Date "1998.07.27"]
[Round "?"]
[White "Swan, Timothy"]
[Black "Oestmark, Soeren"]
[Result "1-0"]
[WhiteElo "1336"]
[BlackElo "1357"]
[PlyCount "33"]
[EventDate "1998.??.??"]
[EventType "tourn (corr)"]
[EventRounds "12"]
[SourceTitle "Corr 2008"]
[Source "ChessBase"]
[SourceDate "2008.06.24"]
[SourceVersion "1"]
[SourceVersionDate "2008.06.24"]
[SourceQuality "1"]

1. Nf3 e6 2. d4 b6 3. e4 Bb7 4. Bd3 c5 5. c3 Nf6 6. Qe2 d6 7. 0-0 Nbd7 8. Bf4 cxd4 9. cxd4 Be7 10. Nc3 0-0 11. e5 Bxf3 12. Qxf3 Ne8 13. Rac1 dxe5 14. dxe5 Rb8 15. Rfd1 Bg5 16. Bb5 Bxf4 17. Qxf4 1-0

[Event "IECC M email"]
[Site "IECC email"]
[Date "1998.07.12"]
[Round "?"]
[White "Schmidt, David"]
[Black "Swan, Timothy"]
[Result "0-1"]
[WhiteElo "1421"]
[BlackElo "1353"]
[PlyCount "140"]
[EventDate "1998.??.??"]
[EventType "tourn (corr)"]
[EventRounds "12"]
[SourceTitle "Corr 2008"]
[Source "ChessBase"]
[SourceDate "2008.06.24"]
[SourceVersion "1"]
[SourceVersionDate "2008.06.24"]
[SourceQuality "1"]

1. d4 d5 2. Bf4 c5 3. dxc5 Nc6 4. e4 e5 5. exd5 exf4 6. dxc6 Qxd1+ 7. Kxd1 Bxc5 8. Bb5 Bg4+ 9. Ke1 0-0-0 10. Nc3 bxc6 11. Bxc6 Ne7 12. Bf3 Be6 13. Nge2 Ng6 14. a3 Rhe8 15. b4 Bb6 16. Be4 f5 17. Bc6 Re7 18. Rd1 Rxd1+ 19. Kxd1 Ne5 20. Bd5 f3 21. gxf3 Rd7 22. Nf4 Bxd5 23. Nfxd5 Nxf3 24. a4 Bd4 25. Kc1 g5 26. Rd1 g4 27. Ne2 Bxf2 28. Ng3 Nd4 29. Nc3 f4 30. Nge4 Be3+ 31. Kb2 Rd8 32. b5 Nf3 33. Nd5 Bd4+ 34. Rxd4 Nxd4 35. Nxf4 Nf3 36. Nf6 Rf8 37. N4d5 Nxh2 38. Nxh7 g3 39. Ng5 g2 40. Nh3 Nf3 41. Kc3 Ng5 42. Ng1 Rf1 43. Ne2 Ne6 44. Ne3 Re1 45. Nxg2 Rxe2 46. Nh4 Re4 47. Nf5 Rxa4 48. Kd3 Nc5+ 49. Ke2 Kd7 50. Ne3 Ra2 51. Kf3 Nb7 52. Kf4 Nd6 53. Ke5 Nxb5 54. c4 Nd6 55. Kd5 Ra5+ 56. Kd4 Kc6 57. Nd1 Rh5 58. Nb2 Rh3 59. Nd1 Rh4+ 60. Kc3 Nxc4 61. Kb3 Kc5 62. Nf2 Ne5 63. Kc3 a5 64. Kb3 Kb5 65. Nd1 a4+ 66. Ka2 Rh2+ 67. Kb1 Kb4 68. Ne3 Nc4 69. Nf5 a3 70. Nd4 Rb2+ 0-1